Evolution and prehistory : the human challenge

Explore evolution and prehistory through photos, examples, and anthropologists' studies with Haviland et al's EVOLUTION AND PREHISTORY. The authors' goal in writing this book is to provide you with a vivid, accessible text that shows how the field is relevant to understanding the comp...

Descrición completa

Gardado en:
Detalles Bibliográficos
Formato: Libro
Idioma:Undetermined
Publicado: Australia Thomson Wadsworth 2008
Những chủ đề:
Các nhãn: Engadir etiqueta
Sen Etiquetas, Sexa o primeiro en etiquetar este rexistro!
Thư viện lưu trữ: Trung tâm Học liệu Trường Đại học Cần Thơ
LEADER 01242nam a2200205Ia 4500
001 CTU_133174
008 210402s9999 xx 000 0 und d
020 |c 1733000 
082 |a 599.9 
082 |b E92 
245 0 |a Evolution and prehistory : 
245 4 |b the human challenge 
245 0 |c William A. Haviland...[et al.] 
260 |a Australia 
260 |b Thomson Wadsworth 
260 |c 2008 
520 |a Explore evolution and prehistory through photos, examples, and anthropologists' studies with Haviland et al's EVOLUTION AND PREHISTORY. The authors' goal in writing this book is to provide you with a vivid, accessible text that shows how the field is relevant to understanding the complex world around you. With Haviland et al, you will have the opportunity to explore the different ways humans face the challenge of existence, learn about the connection between biology and culture in shaping human beliefs and behavior, and see the impact of globalization on peoples and cultures around the world. 
650 |a Physical anthropology,Archaeology,Human evolution.,Prehistoric peoples.,Antiquities, Prehistoric,Lịch sử loài người 
904 |i Năm 
980 |a Trung tâm Học liệu Trường Đại học Cần Thơ